02771nam a2200337 a 4500001001200000003000800012006001900020007001500039008004100054010001700095020002900112020002700141040002100168035002100189050002300210082002000233100002300253245010600276260003500382300002300417490001800440504005100458520149000509533015201999650004202151650004202193655002902235710001702264830002602281856012602307ebr10529315CaPaEBRm u cr cn|||||||||110923s2012 njua sb 001 0 eng d z 2011039256 z9781118170625 (hardback) z9781118227770 (e-book) aCaPaEBRcCaPaEBR a(OCoLC)78577791414aHD61b.M537 2012eb04a332.01/51952231 aMiller, Michael B.10aMathematics and statistics for financial risk managementh[electronic resource] /cMichael B. Miller. aHoboken, N.J. :bWiley,c2012. axi, 281 p. :bill.1 aWiley finance aIncludes bibliographical references and index. a"In chapter 1, there is a review three math topics -- logarithms, combinatorics, and geometric series - and one financial topic, discount factors. Emphasis will be given to the specific aspects of these topics that are most relevant to risk management. In chapter 2, the author explores the application of probabilities to risk management. There is also an introduction to basic terminology and notations that will be used throughout the rest of the book. In chapter 3, Miller teaches how to describe a collection of data in precise statistical terms. Many of the concepts will be familiar, but the notation and terminology might be new. This notation and terminology will be used throughout the rest of the book. In chapter 4, some of the most common probability distributions will be pointed out, followed by a chapter on two closely related topics, confidence intervals and hypothesis testing. For risk management, these are possibly the two most important concepts in statistics. Chapter 6 provides a basic introduction to linear regression models. At the end of the chapter, Miller explores two risk management applications, factor analysis and stress testing. The final chapter is on a class of estimators, which has become very popular in finance and risk management for analyzing historical data. These models hint at the limitations of the type of analysis that we have been explores in previous chapters. This book has a lot of charts and equations"--cProvided by publisher. aElectronic reproduction.bPalo Alto, Calif. :cebrary,d2011.nAvailable via World Wide Web.nAccess may be limited to ebrary affiliated libraries. 0aRisk managementxMathematical models. 0aRisk managementxStatistical methods. 7aElectronic books.2local2 aebrary, Inc. 0aWiley finance series.40uhttp://site.ebrary.com/lib/rucke/Doc?id=10529315zAn electronic book accessible through the World Wide Web; click to view